000 02074nam a2200337 a 4500
005 20010606150540.0
008 911115s1992 nyu b 001 0 eng
010 _aB-278397-400
020 _a9798179925521
_c195.00
020 _a8179925528
_c195.00
035 _aB-278397-400
037 _aAakar/I-125/10.6.08/63/16.5.08/11.7.08
040 _adpl
_bEnglish
082 _a291.446
100 _aCooper, David A.,
245 _aSilence, simplicity, and solitude :
_ba guide for spiritual retreat /
_cby David A. Cooper.
250 _a1st ed.
260 _aMumbai
_bJaico Publishing House
_c2006
300 _axii, 309p.
_c22 cm (pbk)
504 _aIncludes index.
650 _aSpiritual retreats.
650 _aSpiritual exercises.
942 _2ddc
_cEN
_h291.446
_mCOO
999 _c19085
_d19085